Control system design and simulation / (Record no. 69607)

000 -LEADER
fixed length control field 01139cam a2200277 a 4500
001 - CONTROL NUMBER
control field 1525174
003 - CONTROL NUMBER IDENTIFIER
control field NUST - PNEC
005 - DATE AND TIME OF LATEST TRANSACTION
control field 20170116181122.0
008 - FIXED-LENGTH DATA ELEMENTS--GENERAL INFORMATION
fixed length control field 901115s1991 enka 001 0 eng
010 ## - LIBRARY OF CONGRESS CONTROL NUMBER
LC control number 90024724
020 ## - INTERNATIONAL STANDARD BOOK NUMBER
International Standard Book Number 0077074122 :
Terms of availability £19.95
040 ## - CATALOGING SOURCE
Original cataloging agency DLC
Transcribing agency LIBRARY
Modifying agency DLC
050 00 - LIBRARY OF CONGRESS CALL NUMBER
Classification number TJ216
Item number .G64 1991
082 00 - DEWEY DECIMAL CLASSIFICATION NUMBER
Classification number 629.83 GOL
Edition number 20
100 1# - MAIN ENTRY--PERSONAL NAME
Personal name Golten, Jack.
245 10 - TITLE STATEMENT
Title Control system design and simulation /
Statement of responsibility, etc. Jack Golten and Andy Verwer.
260 ## - PUBLICATION, DISTRIBUTION, ETC.
Place of publication, distribution, etc. London ;
-- New York :
Name of publisher, distributor, etc. McGraw-Hill,
Date of publication, distribution, etc. c1991.
300 ## - PHYSICAL DESCRIPTION
Extent xiii, 388 p. :
Other physical details ill. ;
Dimensions 25 cm. +
Accompanying material 1 computer disk (5 1/4 in.)
500 ## - GENERAL NOTE
General note System requirements for computer disk (CODAS, version 1.2): IBM-compatible machines; 512K; MS-DOS; graphics adaptor (such as Hercules, CGA, EGA, VGA, and others).
500 ## - GENERAL NOTE
General note Includes index.
650 #0 - SUBJECT ADDED ENTRY--TOPICAL TERM
Topical term or geographic name entry element Feedback control systems
General subdivision Design and construction
-- MIS
700 1# - ADDED ENTRY--PERSONAL NAME
Personal name Verwer, Andy.
906 ## - LOCAL DATA ELEMENT F, LDF (RLIN)
a 7
b cbc
c orignew
d 1
e ocip
f 19
g y-gencatlg
942 ## - ADDED ENTRY ELEMENTS (KOHA)
Source of classification or shelving scheme
Koha item type Book
Holdings
Withdrawn status Lost status Source of classification or shelving scheme Damaged status Not for loan Permanent Location Current Location Shelving location Date acquired Total Checkouts Full call number Barcode Date last seen Price effective from Koha item type
          Pakistan Navy Engineering College (PNEC) Pakistan Navy Engineering College (PNEC)       629.83 GOL PNECLIB-025346 10/05/2015   Book
© 2023 Central Library, National University of Sciences and Technology. All Rights Reserved.